[Event "Madrid Chamartin op 1st"]
[Site "Madrid"]
[Date "2012.09.15"]
[Round "9"]
[White "Collado Barbas, Laura"]
[Black "Noval Toldos, Francisco Javier"]
[Result "0-1"]
[WhiteElo "2149"]
[BlackElo "1956"]
[PlyCount "166"]
[EventDate "2012.09.09"]
[EventType "swiss"]
[EventRounds "9"]
[EventCountry "ESP"]
[SourceTitle "CBM 150 Extra"]
[Source "ChessBase"]
[SourceDate "2012.10.19"]
[SourceVersion "1"]
[SourceVersionDate "2012.10.19"]
[SourceQuality "1"]

1. d4 Nf6 2. c4 e6 3. Nc3 Bb4 4. Qc2 0-0 5. e4 d5 6. e5 Ne4 7. Bd3 c5 8. Nf3 cxd4 9. Nxd4 Nc5 10. Bxh7+ Kh8 11. h4 dxc4 12. Be3 Nbd7 13. Nf3 Qa5 14. h5 Nd3+ 15. Bxd3 cxd3 16. Qxd3 Nxe5 17. Nxe5 Qxe5 18. h6 g6 19. 0-0-0 Bxc3 20. bxc3 Kh7 21. f4 Qc7 22. Qd4 f6 23. Qb4 Rf7 24. Bc5 b6 25. Bd6 Qc6 26. Bf8 Ba6 27. Bg7 Qxg2 28. Kb1 Bd3+ 29. Ka1 Qe4 30. Qa3 Qb7 31. Rh2 Bb5 32. Qb3 Qc6 33. Rg1 Bd3 34. Rd2 Be4 35. Rgd1 Bd5 36. Qa3 Re8 37. Rd4 b5 38. Qb2 Rc8 39. R4d3 Qc4 40. Qf2 Rc6 41. f5 Ra6 42. fxg6+ Kxg6 43. Rg3+ Kh7 44. Rxd5 Qxd5 45. Qc2+ Qf5 46. Qe2 Ra4 47. Rf3 Rf4 48. Rxf4 Qxf4 49. Qd3+ Qf5 50. Qd8 Qf1+ 51. Kb2 Qe2+ 52. Ka3 Rxg7 53. hxg7 Kxg7 54. Qe7+ Kg6 55. Qxa7 f5 56. Qc7 Kg5 57. Qg3+ Kf6 58. Qh4+ Kg6 59. Qg3+ Qg4 60. Qe5 Qa4+ 61. Kb2 Qc4 62. Qg3+ Kf6 63. Qh3 f4 64. Qh8+ Kf5 65. Qh7+ Kg4 66. Qg6+ Kf3 67. Qh5+ Ke3 68. Qe5+ Kf2 69. Kc1 Kf1 70. Qh8 b4 71. Qh3+ Kf2 72. Qh2+ Kf3 73. Qh3+ Ke4 74. Qg2+ Ke5 75. Qg5+ Ke4 76. Qg2+ Ke3 77. Qd2+ Kf3 78. Qd1+ Kg3 79. Qg1+ Kh4 80. Qe1+ Kg5 81. Qe5+ Kg6 82. Qd6 Qxc3+ 83. Kd1 Qa1+ 0-1

[Event "Madrid Oliver Gonzalez Memorial-B 3rd"]
[Site "Madrid"]
[Date "2012.09.09"]
[Round "9"]
[White "Noval Toldos, Francisco Javier"]
[Black "Plazuelo Pascual, Juan"]
[Result "0-1"]
[WhiteElo "1956"]
[BlackElo "1721"]
[PlyCount "90"]
[EventDate "2012.09.01"]
[EventType "swiss"]
[EventRounds "9"]
[EventCountry "ESP"]
[SourceTitle "CBM 150 Extra"]
[Source "ChessBase"]
[SourceDate "2012.10.19"]
[SourceVersion "1"]
[SourceVersionDate "2012.10.19"]
[SourceQuality "1"]

1. e4 e6 2. d4 d5 3. e5 c5 4. Qg4 cxd4 5. Nf3 Nc6 6. Bd3 Nge7 7. 0-0 Ng6 8. Re1 Be7 9. a3 Qc7 10. h4 0-0 11. Bxg6 fxg6 12. Bf4 Bd7 13. Nbd2 Rf5 14. Nb3 Raf8 15. Bg3 Qb6 16. Rad1 Bc5 17. Nxc5 Qxc5 18. Re2 Qb6 19. b4 a5 20. bxa5 Qxa5 21. Rd3 Qa4 22. Red2 Ra8 23. Rb3 Na5 24. Rxd4 Nxb3 25. Rxa4 Rxa4 26. Qxa4 Bxa4 27. cxb3 Bd7 28. Nd4 Rf8 29. Kf1 Ra8 30. Nc2 Rc8 31. Nd4 Ra8 32. Nc2 Bb5+ 33. Ke1 Bd3 34. Nb4 Be4 35. f3 Rxa3 36. fxe4 Rxb3 37. exd5 Rxb4 38. d6 Rd4 39. Ke2 Rd5 40. Ke3 Kf7 41. Bf4 Ke8 42. Ke4 Kd7 43. g4 h5 44. gxh5 gxh5 45. Bg5 Kc6 0-1

[Event "Madrid Oliver Gonzalez Memorial-B 3rd"]
[Site "Madrid"]
[Date "2012.09.06"]
[Round "6"]
[White "Vazquez Gonzalez, Jesus"]
[Black "Noval Toldos, Francisco Javier"]
[Result "1-0"]
[WhiteElo "2061"]
[BlackElo "1956"]
[PlyCount "57"]
[EventDate "2012.09.01"]
[EventType "swiss"]
[EventRounds "9"]
[EventCountry "ESP"]
[SourceTitle "CBM 150 Extra"]
[Source "ChessBase"]
[SourceDate "2012.10.19"]
[SourceVersion "1"]
[SourceVersionDate "2012.10.19"]
[SourceQuality "1"]

1. e4 c6 2. d4 d5 3. exd5 cxd5 4. Bd3 Nf6 5. c3 Nc6 6. Bf4 Bg4 7. Qb3 Qc8 8. Nd2 e6 9. Ngf3 Be7 10. 0-0 0-0 11. Rae1 a6 12. h3 Bh5 13. Re3 b5 14. Ne5 Na5 15. Qc2 Bg6 16. Bg5 Nc4 17. Nxg6 hxg6 18. Rf3 Qd7 19. h4 Rfc8 20. Rh3 Nh5 21. Be3 Bd6 22. b3 Nxe3 23. fxe3 e5 24. Bxg6 fxg6 25. Qxg6 Ng3 26. Rxg3 exd4 27. Rgf3 Bf8 28. Rf7 Qc6 29. Rxf8+ 1-0

[Event "Madrid Oliver Gonzalez Memorial-B 3rd"]
[Site "Madrid"]
[Date "2012.09.04"]
[Round "4"]
[White "Fernandez Lago, David"]
[Black "Noval Toldos, Francisco Javier"]
[Result "0-1"]
[WhiteElo "1976"]
[BlackElo "1956"]
[PlyCount "88"]
[EventDate "2012.09.01"]
[EventType "swiss"]
[EventRounds "9"]
[EventCountry "ESP"]
[SourceTitle "CBM 150 Extra"]
[Source "ChessBase"]
[SourceDate "2012.10.19"]
[SourceVersion "1"]
[SourceVersionDate "2012.10.19"]
[SourceQuality "1"]

1. e4 c5 2. Ne2 d6 3. g3 Nc6 4. Bg2 g6 5. 0-0 Bg7 6. c3 Nf6 7. d4 cxd4 8. cxd4 0-0 9. Nbc3 Bg4 10. h3 Bxe2 11. Nxe2 Qb6 12. b3 Rac8 13. Be3 Nb4 14. d5 Qa6 15. Nd4 Rc3 16. Qd2 Qd3 17. Qxd3 Rxd3 18. Rfc1 Nfxd5 19. exd5 Bxd4 20. Bxd4 Rxd4 21. Rc7 Rb8 22. Rxe7 Nxd5 23. Rd7 Nf6 24. Rxb7 Rxb7 25. Bxb7 d5 26. Kf1 Rd2 27. Ke1 Rc2 28. Rd1 Ne4 29. Rxd5 Nxf2 30. Rd8+ Kg7 31. Bg2 Rxa2 32. Rd2 Nd3+ 33. Ke2 Nc1+ 34. Kd1 Rxd2+ 35. Kxd2 Nxb3+ 36. Kc3 Nc5 37. Kc4 Ne6 38. Kb5 f5 39. Ka6 Nd4 40. Kxa7 Ne2 41. g4 fxg4 42. hxg4 Kf6 43. Kb6 Kg5 44. Bf3 Ng1 0-1

[Event "Madrid Oliver Gonzalez Memorial-B 3rd"]
[Site "Madrid"]
[Date "2012.09.03"]
[Round "3"]
[White "Noval Toldos, Francisco Javier"]
[Black "Quintero Torres, Pedro"]
[Result "1-0"]
[WhiteElo "1956"]
[BlackElo "2053"]
[PlyCount "120"]
[EventDate "2012.09.01"]
[EventType "swiss"]
[EventRounds "9"]
[EventCountry "ESP"]
[SourceTitle "CBM 150 Extra"]
[Source "ChessBase"]
[SourceDate "2012.10.19"]
[SourceVersion "1"]
[SourceVersionDate "2012.10.19"]
[SourceQuality "1"]

1. e4 c5 2. Nf3 e6 3. d4 cxd4 4. Nxd4 Nc6 5. Nc3 Nf6 6. Nxc6 bxc6 7. e5 Nd5 8. Ne4 Qc7 9. f4 Qb6 10. c4 Bb4+ 11. Ke2 f5 12. exf6 Nxf6 13. Be3 Qc7 14. Nxf6+ gxf6 15. c5 d6 16. Kf2 Bxc5 17. Bxc5 dxc5 18. Qh5+ Ke7 19. Qxc5+ Qd6 20. Qxd6+ Kxd6 21. Bc4 Rb8 22. Rhd1+ Ke7 23. b3 Rb7 24. Rd3 e5 25. Re3 Be6 26. fxe5 Bxc4 27. exf6+ Kxf6 28. bxc4 Rb2+ 29. Re2 Rhb8 30. Rae1 Rxe2+ 31. Rxe2 Rb4 32. Rc2 Ke5 33. Ke3 Rb1 34. Kd3 Rh1 35. g3 h5 36. Kc3 c5 37. Re2+ Kf5 38. Kc2 Ra1 39. Kb2 Rh1 40. a4 a5 41. Rd2 Ke4 42. h4 Rg1 43. Rd5 Rg2+ 44. Kb1 Rg1+ 45. Kc2 Rg2+ 46. Kc1 Rg1+ 47. Kd2 Rg2+ 48. Ke1 Rxg3 49. Rxc5 Kd4 50. Rxa5 Kxc4 51. Rxh5 Ra3 52. Rg5 Kd4 53. h5 Ke4 54. h6 Rh3 55. Rg6 Kf5 56. Rb6 Re3+ 57. Kd2 Re7 58. Kc3 Kg5 59. a5 Ra7 60. Kb4 Kh5 1-0

[Event "Madrid San Viator op 18th"]
[Site "Madrid"]
[Date "2012.05.20"]
[Round "7"]
[White "Noval Toldos, Francisco Javier"]
[Black "Ibanez Moreno, Sergio"]
[Result "1-0"]
[WhiteElo "1977"]
[BlackElo "1795"]
[PlyCount "79"]
[EventDate "2012.03.25"]
[EventType "swiss"]
[EventRounds "9"]
[EventCountry "ESP"]
[SourceTitle "EXT 2013"]
[Source "ChessBase"]
[SourceDate "2012.11.22"]
[SourceVersion "1"]
[SourceVersionDate "2012.11.22"]
[SourceQuality "1"]

1. e4 e6 2. b3 d5 3. Bb2 Nf6 4. e5 Ng8 5. Nf3 c5 6. Bd3 Nc6 7. 0-0 Nge7 8. Ng5 Ng6 9. Qh5 Nb4 10. Nxf7 Kxf7 11. Bxg6+ hxg6 12. Qxh8 Nxc2 13. Nc3 Nxa1 14. Rxa1 Bd7 15. Re1 Bc6 16. Qh3 Qg5 17. f4 Qh5 18. Qxh5 gxh5 19. h4 g6 20. Ne2 b5 21. g3 a5 22. f5 gxf5 23. Nf4 Bh6 24. Nxh5 Bxd2 25. Rf1 Be3+ 26. Kh2 a4 27. Bc1 Bd4 28. Bf4 axb3 29. axb3 Ra2+ 30. Kh3 Re2 31. g4 Bxe5 32. Bxe5 Rxe5 33. g5 Re3+ 34. Kh2 d4 35. Ra1 Re2+ 36. Kh3 d3 37. Ra7+ Kg8 38. Nf6+ Kf8 39. g6 Rg2 40. Rf7# 1-0

[Event "Madrid San Viator op 18th"]
[Site "Madrid"]
[Date "2012.05.13"]
[Round "6"]
[White "Gomez Dorado, Ernesto"]
[Black "Noval Toldos, Francisco Javier"]
[Result "1/2-1/2"]
[WhiteElo "1648"]
[BlackElo "1977"]
[PlyCount "97"]
[EventDate "2012.03.25"]
[EventType "swiss"]
[EventRounds "9"]
[EventCountry "ESP"]
[SourceTitle "EXT 2013"]
[Source "ChessBase"]
[SourceDate "2012.11.22"]
[SourceVersion "1"]
[SourceVersionDate "2012.11.22"]
[SourceQuality "1"]

1. e4 c5 2. Nf3 d6 3. d4 cxd4 4. Nxd4 Nf6 5. Nc3 g6 6. Be3 Bg7 7. f3 0-0 8. Qd2 Nc6 9. Bc4 Bd7 10. 0-0-0 Rb8 11. Bb3 Na5 12. Bh6 Bxh6 13. Qxh6 b5 14. h4 b4 15. Nd5 e5 16. Nf5 Bxf5 17. exf5 Nxb3+ 18. axb3 Nxd5 19. Rxd5 Qf6 20. g4 Rb7 21. Rhd1 Rd8 22. h5 Rdd7 23. f4 exf4 24. hxg6 fxg6 25. fxg6 hxg6 26. Rg5 Rg7 27. Rf5 Qe6 28. Rxf4 Qe3+ 29. Kb1 Rbf7 30. Rdf1 Rxf4 31. Rxf4 Qb6 32. g5 Qb5 33. Qh1 Qxg5 34. Rxb4 Qh5 35. Rh4 Qb5 36. Qa8+ Kf7 37. Qxa7+ Kf6 38. Qd4+ Qe5 39. Rf4+ Kg5 40. Rg4+ Kf5 41. Qg1 g5 42. Ra4 g4 43. Qf2+ Kg5 44. Qd2+ Kf6 45. Qf2+ Ke6 46. Qg2 Qe1+ 47. Ka2 d5 48. Rxg4 Qa5+ 49. Kb1 1/2-1/2

[Event "Madrid San Viator op 18th"]
[Site "Madrid"]
[Date "2012.03.25"]
[Round "1"]
[White "Mateos Cordero, Francisco"]
[Black "Noval Toldos, Francisco Javier"]
[Result "0-1"]
[WhiteElo "1491"]
[BlackElo "1977"]
[PlyCount "62"]
[EventDate "2012.03.25"]
[EventType "swiss"]
[EventRounds "9"]
[EventCountry "ESP"]
[SourceTitle "EXT 2013"]
[Source "ChessBase"]
[SourceDate "2012.11.22"]
[SourceVersion "1"]
[SourceVersionDate "2012.11.22"]
[SourceQuality "1"]

1. d4 Nf6 2. c4 g6 3. Nc3 Bg7 4. e4 d6 5. Nf3 0-0 6. Be2 e5 7. d5 a5 8. 0-0 Na6 9. h3 Nd7 10. Ne1 f5 11. exf5 gxf5 12. Bd2 Nac5 13. Qc1 f4 14. Bf3 Nf6 15. Qc2 b6 16. Kh2 Re8 17. g4 fxg3+ 18. fxg3 e4 19. Bg2 e3 20. Bc1 a4 21. Rf3 Bh6 22. Nd3 Nxd3 23. Qxd3 Nd7 24. Qc2 Ne5 25. Rf1 Rf8 26. Qe2 Ba6 27. Rxf8+ Qxf8 28. Bxe3 Bxc4 29. Qd2 Bxe3 30. Qxe3 Qe7 31. Bf1 Ng4+ 0-1

[Event "Madrid San Viator op 13th"]
[Site "Madrid"]
[Date "2009.11.21"]
[Round "9"]
[White "Barahona Torrijos, Angel"]
[Black "Noval Toldos, Francisco Javier"]
[Result "0-1"]
[WhiteElo "1944"]
[BlackElo "1923"]
[PlyCount "81"]
[EventDate "2009.09.27"]
[EventType "swiss"]
[EventRounds "9"]
[EventCountry "ESP"]
[SourceTitle "EXT 2010"]
[Source "ChessBase"]
[SourceDate "2010.11.25"]
[SourceVersion "1"]
[SourceVersionDate "2010.11.25"]
[SourceQuality "1"]

1. e4 c5 2. a3 e6 3. b4 Nc6 4. Bb2 cxb4 5. axb4 Nxb4 6. Na3 Qc7 7. Nf3 Nf6 8. e5 Nfd5 9. c3 Nc6 10. Nb5 Qb8 11. d4 a6 12. Na3 d6 13. c4 Nf4 14. d5 Nxe5 15. Nxe5 dxe5 16. Qa4+ Bd7 17. Nb5 exd5 18. cxd5 Nxd5 19. Qe4 Bb4+ 20. Kd1 0-0 21. Bd3 Nf6 22. Qxb4 Bxb5 23. Bxb5 Rd8+ 24. Ke2 Nd5 25. Qe4 axb5 26. Rxa8 Qxa8 27. Rc1 Nf4+ 28. Kf3 Nd3 29. Ra1 Qb8 30. Bc3 f5 31. Qh4 b4 32. Bxb4 Rd4 33. Qe7 Rxb4 34. Rd1 e4+ 35. Ke2 Rb2+ 36. Kf1 Rxf2+ 37. Kg1 Re2 38. Qe6+ Kh8 39. Qxf5 Qa7+ 40. Kh1 Qb8 41. h4 0-1

[Event "Madrid San Viator op 13th"]
[Site "Madrid"]
[Date "2009.11.15"]
[Round "8"]
[White "Noval Toldos, Francisco Javier"]
[Black "Salcedo Tornero, Pablo"]
[Result "0-1"]
[WhiteElo "1923"]
[BlackElo "2181"]
[PlyCount "94"]
[EventDate "2009.09.27"]
[EventType "swiss"]
[EventRounds "9"]
[EventCountry "ESP"]
[SourceTitle "EXT 2010"]
[Source "ChessBase"]
[SourceDate "2010.11.25"]
[SourceVersion "1"]
[SourceVersionDate "2010.11.25"]
[SourceQuality "1"]

1. e4 d6 2. d4 g6 3. Nf3 Bg7 4. Nc3 Nc6 5. Be2 Nf6 6. 0-0 0-0 7. Bg5 h6 8. Be3 Bg4 9. Qd2 Kh7 10. Ne1 e5 11. d5 Ne7 12. f3 Bd7 13. Nd1 Nfg8 14. c4 f5 15. Nc3 Nf6 16. Nd3 f4 17. Bf2 g5 18. c5 Ng6 19. Rfc1 h5 20. Kf1 g4 21. Ke1 g3 22. Bg1 gxh2 23. Bxh2 Ne8 24. Bg1 Bf6 25. Kd1 Rg8 26. Bf1 Bh4 27. Kc2 Bg3 28. Bf2 Qh4 29. b4 Bxf2 30. Nxf2 Qg3 31. Nd3 Nh4 32. Ne1 Qh2 33. Kb3 Qg1 34. Nd3 Nxg2 35. Nxe5 dxe5 36. Bb5 Qd4 37. Qxd4 exd4 38. Bxd7 dxc3 39. Rxc3 Ne3 40. Rh1 Kh6 41. Be6 Rg5 42. Rxe3 fxe3 43. f4 Rg3 44. Bf7 Nf6 45. e5 Rf8 46. e6 Nxd5 47. Rxh5+ Kg7 0-1

[Event "Madrid San Viator op 13th"]
[Site "Madrid"]
[Date "2009.10.11"]
[Round "3"]
[White "Cabanas Bravo, Juan Andres"]
[Black "Noval Toldos, Francisco Javier"]
[Result "0-1"]
[WhiteElo "2099"]
[BlackElo "1923"]
[PlyCount "78"]
[EventDate "2009.09.27"]
[EventType "swiss"]
[EventRounds "9"]
[EventCountry "ESP"]
[SourceTitle "EXT 2010"]
[Source "ChessBase"]
[SourceDate "2010.11.25"]
[SourceVersion "1"]
[SourceVersionDate "2010.11.25"]
[SourceQuality "1"]

1. e4 c5 2. Nf3 Nc6 3. d4 cxd4 4. Nxd4 Nf6 5. Nc3 e5 6. Ndb5 d6 7. Bg5 a6 8. Na3 b5 9. Nd5 Be7 10. Bxf6 Bxf6 11. c3 0-0 12. Nc2 Bg5 13. a4 bxa4 14. Rxa4 a5 15. Bc4 Rb8 16. b3 Kh8 17. h4 Bh6 18. g4 Bf4 19. Qf3 Be6 20. g5 Ne7 21. Nce3 Bxe3 22. fxe3 Nxd5 23. exd5 Bd7 24. Ra3 f5 25. gxf6 Rxf6 26. Qe2 e4 27. Qg2 Rf3 28. Be2 Rxe3 29. Kd2 Qb6 30. Rg1 Rg8 31. Qg5 Rh3 32. Rg3 Rxg3 33. Qxg3 Qc5 34. Ra1 Qxd5+ 35. Kc2 Bf5 36. Rd1 Qc5 37. Qxd6 Qf2 38. Qa6 Bg4 39. Kd2 e3+ 0-1